Responses for Show #8720 - Friday, October 14, 2022

Cris Pannullo game 11.

Contestants

[<< previous game]

Marianne Dos Santos, an intermediate French and religion teacher from Ottawa, Ontario, Canada

Rhianan Thomas, a hospitality worker from Downey, California

Cris Pannullo, a customer success operations manager from Ocean City, New Jersey (whose 10-day cash winnings total $333,723)

[next game >>]

Jeopardy! Round responses

THE BODY HUMAN
ALL EARS
STORIES WITH HEART
2 "I"s
(Ken: Each response will have exactly two letter "I"s as its only vowels.)
POKER HANDS
THAT MOVIE'S GOT LEGS
    $200 28
plaque

Marianne
    $200 29
the spin

Marianne
    $200 30
Tuesdays with Morrie

Marianne
    $200 27
civil

Cris
    $200 22
(Ken: You went 5 for 5, I think we call that a straight.)
[Applause]

Broadway

Cris
    $200 24
(Marianne: What's a ballerina?)

a race horse

Marianne
Triple Stumper
    $400 16
tibia

Cris
    $400 25
pop a cork on champagne

Cris
    $400 17
Dewey

Rhianan
    $400 26
nitpick

Marianne
    $400 21
(Marianne: What is a chain?)

a wheel

CrisMarianne
    $400 23
Black Swan

Rhianan
    $600 6
the rotator cuff

Cris
    $600 13
a Model T

Marianne
    $600 8
Auschwitz

Cris
    $600 20
timid

Cris
    $600 3
9-5

Cris
    $600 15
Rear Window

Cris
    $800 4
whorls

Cris
    $800 12
tone

Triple Stumper
    $800 7
Wonder

Cris
    $800 19
livid

Marianne
    $800 2
Slick

Cris
    $800 9
Shaolin

Cris
    $1000 5
(Rhianan: What is the thyroid?)

the pituitary

RhiananMarianne
    $1000 14
a speed bag

Cris
    $1000 10
Nicholas Sparks

Rhianan
    $400 18
lipids

Rhianan
    $1000 1
a gut shot

Cris
    $1000 11
It Happened One Night

Cris

Scores at the first commercial break (after clue 15):

Cris Rhianan Marianne
$8,600 $0 $1,600

Scores at the end of the Jeopardy! Round:

Cris Rhianan Marianne
$10,800 $1,200 $2,800

Double Jeopardy! Round responses

ISLAND COUNTRIES
9-LETTER WORDS
AVANT-GARDE ART
"P"OTPOURRI
THE 7th CENTURY
TV AS OF LATE
    $400 25
(Ken: You just ran another category.)
[Applause]

Iceland

Cris
    $400 29
accessory

Rhianan
    $400 28
neons

Cris
    $400 26
Prius

Rhianan
    $400 30
Venice

Cris
    $400 8
(Ken: Yeah, great show.)

What We Do in the Shadows

Rhianan
    $800 18
Hispaniola

Cris
    $800 22
a sobriquet

Rhianan
    $800 24
birds

Cris
    $800 21
paprika

Cris
    $800 19
Buddhism

Marianne
    $800 27
Corden

Cris
    $1200 4
Cyprus

Cris
    $1200 17
habitable

Cris
    $1200 15
Kafka

Rhianan
    $1200 23
a peacock

Cris
    $1200 20
the Koran

Cris
    $1200 1
(Rhianan: What is Cake Boss?)

Below Deck

Rhianan
Triple Stumper
    $1600 3
Tonga

Cris
    $1600 16
(Ken: From Tantalus.)

tantalize

Marianne
    $1600 11
Christo

Cris
    $1600 14
(Ken: That's right, South Dakota.)

Pierre

Cris
    $1,800 6
(Ken: [*] is the one that moves around.)

Easter

Cris
    $1600 2
Abbott Elementary

Cris
    $3,000 5
Sri Lanka

Cris
    $2000 13
(Marianne: What is Francofy?)

gallicize

Marianne
Triple Stumper
    $2000 7
(Marcel) Duchamp

Cris
    $2000 10
the pagoda tree

Triple Stumper
    $2000 12
(Rhianan: Who are the Goths?)
(Ken: More specifically?)

the Visigoths

Rhianan
    $2000 9
(Vanessa) Bayer

Cris

Scores at the end of the Double Jeopardy! Round:

Cris Rhianan Marianne
$35,200 $5,200 $3,200
(lock game)

[wagering suggestions for these scores]

Final Jeopardy! Round responses

AUTHORS
(Cris: [After Ken reads his response] It was [*], wasn't it? Journey to the Center of the Earth.)
(Ken: Very good. Unlike the novel Journey to the Center of the Earth, this is a man journeying out of the earth on [*]'s tomb. Came to you a little too late.)
MarianneWho is Dumas?
$3,000
RhiananWho is Lovecraft?
$5,000
CrisWho is Dumas
$12,221
(Jules) Verne

Final scores:

Cris Rhianan Marianne
$22,979 $200 $200
11-day champion: $356,702 2nd place: $2,000 3rd place: $1,000

Game dynamics:

Coryat scores:

Cris Rhianan Marianne
$34,000 $5,800 $3,200
36 R
(including 2 DDs),
0 W
10 R
(including 1 DD),
2 W
9 R,
3 W

Combined Coryat: $43,000

[game clues] [game scores] [suggest correction]

Game tape date: 2022-08-10
The J! Archive is created by fans, for fans. Scraping, republication, monetization, and malicious use prohibited; this site may use cookies and collect identifying information. See terms. The Jeopardy! game show and all elements thereof, including but not limited to copyright and trademark thereto, are the property of Jeopardy Productions, Inc. and are protected under law. This website is not affiliated with, sponsored by, or operated by Jeopardy Productions, Inc. Join the discussion at JBoard.tv.